000 00494nmm a2200169Ia 4500
008 251105s9999||||xx |||||||||||||||||und||
020 _a9788490278154
041 _abaq
100 _aLuzarraga Zarrabeitia, Asel
245 0 _aBioklik
264 _a[Madrid, España] :
_bElkar,
_c[Fecha de publicación no identificada]
300 _a428 páginas
490 _aAteko bandan
650 _aScience fiction & Fantasy
856 _uhttps://public.digitaliapublishing.com/a/99469
942 _cCF
999 _c87548
_d87548